Work and industrial relations in the European Community /

Saved in:
Bibliographic Details
Main Author: Fogarty, Michael Patrick
Format: Book
Language:English
Published: London : Chatham House : PEP : [distributed by Research Publications Services], 1975.
Series:European series (Chatham House) ; no. 24.
Subjects:
LEADER 01166nam a2200301 i 4500
001 c000137390
003 CARM
005 00000000000000.0
008 751112s1975 enk 00010 eng
015 |a GB75-19445 
019 1 |a 280810  |5 LACONCORD2021 
020 |a 0853741352 :  |c L.1.30 
035 |a (OCoLC)1476622  |5 LACONCORD2021 
040 |d NNCU 
043 |a ew----- 
050 0 0 |a HD8380.5  |b .F63 
100 1 |a Fogarty, Michael Patrick. 
245 1 0 |a Work and industrial relations in the European Community /  |c Michael P. Fogarty. 
260 |a London :  |b Chatham House : PEP : [distributed by Research Publications Services],  |c 1975. 
300 |a 43 p. ;  |c 22 cm. 
490 1 |a European series ;  |v no. 24 
650 0 |a Labor policy  |z European Economic Community countries. 
650 0 |a Working class  |z European Economic Community countries. 
830 |a European series (Chatham House) ;  |v no. 24. 
852 8 |b CARM  |h A2:AF38A0  |i B01455  |p 0069261  |f BK 
082 0 |a 331.094 
999 f f |i 4a8c0fff-eef8-5c0d-8f64-8316eef54f9d  |s facebc10-0c06-5cd5-889e-27fa9bf7349a 
952 f f |p Can circulate  |a CAVAL  |b CAVAL  |c CAVAL  |d CARM 1 Store  |e B01455  |f A2:AF38A0  |h Other scheme  |i book  |m 0069261